| 000 | 00359nam a22001097a 4500 | ||
|---|---|---|---|
| 008 | 230621b xxu||||| |||| 00| 0 eng d | ||
| 082 |
_a328.35 _bIPC |
||
| 245 | _aReport of the Executive Committee of the Commonwealth Parliamentary Association for the Year 1982-83 | ||
| 260 |
_aLondon _bCommonwealth Parliamentary Association |
||
| 300 | _a67p | ||
| 942 |
_2ddc _cBK |
||
| 999 |
_c2335 _d2335 |
||